Southville International School and Colleges
Your cart is empty.
  • Cart
  • Lists
    Public lists Eva Luna New books Lux_list list_1
    Your lists Log in to create your own lists
  • Log in to your account
  • Your cookies
  • Search history
Southville International School and Colleges
  • Advanced search
  • Recent comments
  • Most popular
  • Libraries

Log in to your account

Log in with GOOGLE


If you do not have an external account, but do have a local account, you can still log in:

  1. Home
  2. MARC view: My life for the poor /
Normal view MARC view ISBD view

My life for the poor / (Record no. 8827)

[ view plain ]
MARC details
000 -LEADER
fixed length control field 01130cam a2200337 a 4500
001 - CONTROL NUMBER
control field 2861543
003 - CONTROL NUMBER IDENTIFIER
control field OSt
005 - DATE AND TIME OF LATEST TRANSACTION
control field 20160121130431.0
008 - FIXED-LENGTH DATA ELEMENTS--GENERAL INFORMATION
fixed length control field 850529s1985 cau 000 0aeng
010 ## - LIBRARY OF CONGRESS CONTROL NUMBER
LC control number 85042787
020 ## - INTERNATIONAL STANDARD BOOK NUMBER
International Standard Book Number 0345337808
Terms of availability $10.95
040 ## - CATALOGING SOURCE
Original cataloging agency DLC
Transcribing agency DLC
Modifying agency DLC
050 00 - LIBRARY OF CONGRESS CALL NUMBER
Classification number BX 4406.5
Item number .M995 1985
082 00 - DEWEY DECIMAL CLASSIFICATION NUMBER
Classification number HS 922.22
Item number M857 1985
100 0# - MAIN ENTRY--PERSONAL NAME
Personal name Teresa,
Titles and other words associated with a name Mother,
Dates associated with a name 1910-1997.
9 (RLIN) 11378
240 10 - UNIFORM TITLE
Uniform title <a href="Mi vida por los pobres.">Mi vida por los pobres.</a>
Language of a work English
245 10 - TITLE STATEMENT
Title My life for the poor /
Statement of responsibility, etc Mother Teresa of Calcutta ; edited by José Luis González-Balado and Janet N. Playfoot.
250 ## - EDITION STATEMENT
Edition statement 1st ed.
260 ## - PUBLICATION, DISTRIBUTION, ETC. (IMPRINT)
Place of publication, distribution, etc San Francisco :
Name of publisher, distributor, etc Harper & Row,
Date of publication, distribution, etc c1985.
300 ## - PHYSICAL DESCRIPTION
Extent 107 p. ;
Dimensions 20 cm.
600 00 - SUBJECT ADDED ENTRY--PERSONAL NAME
Personal name Teresa,
Titles and other words associated with a name Mother,
Dates associated with a name 1910-1997.
9 (RLIN) 11379
610 20 - SUBJECT ADDED ENTRY--CORPORATE NAME
Corporate name or jurisdiction name as entry element Missionaries of Charity
Form subdivision Biography.
9 (RLIN) 11380
610 20 - SUBJECT ADDED ENTRY--CORPORATE NAME
Corporate name or jurisdiction name as entry element Catholic Church
General subdivision Charities.
9 (RLIN) 11381
650 #0 - SUBJECT ADDED ENTRY--TOPICAL TERM
Topical term or geographic name as entry element Church work with the poor
General subdivision Catholic Church.
9 (RLIN) 11382
700 1# - ADDED ENTRY--PERSONAL NAME
Personal name González-Balado, José Luis.
9 (RLIN) 11383
700 1# - ADDED ENTRY--PERSONAL NAME
Personal name Playfoot, Janet N.
9 (RLIN) 11384
906 ## - LOCAL DATA ELEMENT F, LDF (RLIN)
a 7
b cbc
c orignew
d 1
e ocip
f 19
g y-gencatlg
942 ## - ADDED ENTRY ELEMENTS (KOHA)
Source of classification or shelving scheme Library of Congress Classification
Koha item type Books
Holdings
Withdrawn status Lost status Source of classification or shelving scheme Damaged status Home library Current library Shelving location Date acquired Total Checkouts Full call number Barcode Date last seen Copy number Price effective from Koha item type
    Library of Congress Classification   Luxembourg Library Luxembourg Library High School Section 08/16/2013   BX 4406.5 .M995 1985 5325 08/16/2013 1 08/16/2013 Books
    Library of Congress Classification   Luxembourg Library Luxembourg Library High School Section 08/16/2013   BX 4406.5 .M995 1985 5352 08/16/2013 2 08/16/2013 Books

My life for the poor /

APA

Teresa, González-Balado J. L. & Playfoot J. N. (1985). My life for the poor. San Francisco: Harper & Row.

Chicago

Teresa, González-Balado José Luis and Playfoot Janet N. 1985. My life for the poor. San Francisco: Harper & Row.

Harvard

Teresa, González-Balado J. L. and Playfoot J. N. (1985). My life for the poor. San Francisco: Harper & Row.

MLA

Teresa, González-Balado José Luis and Playfoot Janet N. My life for the poor. San Francisco: Harper & Row. 1985.

  • Place hold
  • Print
  • Cite
  • Add to your cart (remove)
  • Save record
    BIBTEX Dublin Core MARCXML MARC (non-Unicode/MARC-8) MARC (Unicode/UTF-8) MARC (Unicode/UTF-8, Standard) MODS (XML) RIS
  • More searches
    Search for this title in:
    Other Libraries (WorldCat) Other Databases (Google Scholar) Online Stores (Bookfinder.com) Open Library (openlibrary.org)

Exporting to Dublin Core...

SOUTHVILLE LIBRARY

Southville International School and Colleges Library

1281 Tropical Ave. Cor. Luxembourg St., BF Homes International, Las Pinas City

Tel. No. 8256374 / 252358 Loc. 117/146

Powered by Koha